[Event "HCL-B3832"]
[Site "www.playchess.de"]
[Date "2006.01.15"]
[Round "6"]
[White "djpnola"]
[Black "Skipper_Robert"]
[WhiteElo "1150"]
[BlackElo "980"]
[PlyCount "109"]
[Result "1/2-1/2"]

1.f4 {Hello again.
}  e6 2.Nf3 Nf6 3.Nc3 Bc5 4.d4 Bb6 5.e4 d5 6.Bd3 
a6 7.h3 c6 8.e5 Nfd7 9.O-O c5 10.Be3 Nc6 11.dxc5 
Nxc5 12.Bxc5 Bxc5+ 13.Kh2 f6 14.Qe2 f5 15.Ng5 h6 
16.Qh5+ Kd7 17.Qf7+ Qe7 18.g4 hxg5 19.Qxe7+ {Ack! 
that was dumb of me.
}  Bxe7 20.gxf5 Nd4 21.fxe6+ Kxe6 22.f5+ Kxe5 
23.Rae1+ Kd6 24.Ne2 Bf6 25.Nxd4 Bxd4 26.c3 Bc5 
27.b4 Bb6 28.a4 Bd7 29.a5 Bc7 30.Red1 Ba4 31.Rd2 
Kd7+ 32.Kg2 Rae8 33.f6 Bc6 34.Be2 d4+ 35.Bf3 Re3 
36.Rxd4+ Ke6 37.Bxc6 bxc6 38.Rf3 Rxf3 39.Kxf3 
Rxh3+ 40.Kg4 Rxc3 41.fxg7 Kf7 42.Rd7+ Kg8 43.Rxc7 
Rc4+ 44.Kxg5 Rxb4 45.Rxc6 Kxg7 46.Rxa6 Rb5+ 47.Kf4 
Kf7 48.Ra7+ Ke6 49.a6 Ra5 50.Ra8 Kd7 51.a7 Kc7 
52.Rh8 {Looks like we're heading for a draw.}  
Rxa7 {(offering draw) Yes}  53.Rh7+ {I want to see 
if the "claim a draw" mechanism picks it up when 
we only have kings left.}  Kb6 {ok!}  54.Rxa7 Kxa7 
55.Ke5 {(offering draw) Oh, well, that didn't 
work.}  1/2-1/2

[Event "HCL-B3820"]
[Site "www.playchess.de"]
[Date "2006.01.15"]
[Round "17"]
[White "dynamike"]
[Black "Skipper_Robert"]
[WhiteElo "1610"]
[BlackElo "973"]
[PlyCount "48"]
[Result "0-1"]

1.e4 e5 2.Nf3 Nc6 3.Bc4 Nf6 4.Ng5 d5 5.exd5 Nxd5 
6.Nxf7 Kxf7 7.Qf3+ Ke6 {puhhh}  8.Nc3 Qf6 9.Qxd5+ 
Ke7 10.O-O Bf5 11.Re1 Bxc2 12.d3 Rd8 13.Qe4 Nb4 
14.f4 Nxd3 15.Bxd3 Bxd3 16.Qb4+ Ke8 17.Qa4+ Kf7 
18.fxe5 Qb6+ 19.Kh1 Qf2 20.Bg5 Bc5 21.Qb3+ Kf8 
22.Bxd8 h5 23.Ne4 Bxe4 24.Ref1 
Bxg2+ 0-1

[Event "HCL-E1508"]
[Site "www.playchess.de"]
[Date "2006.01.15"]
[Round "9"]
[White "Inge_Heumann"]
[Black "ggaarrii"]
[WhiteElo "1685"]
[BlackElo "1730"]
[PlyCount "50"]
[Result "0-1"]

1.e4 {Hello, let's have a nice game!}  c5 {Hi!}  
2.Nf3 d6 3.d4 cxd4 4.Nxd4 Nf6 5.Nc3 Nc6 6.Bb5 Bd7 
7.O-O e6 8.Kh1 Be7 9.f4 O-O 10.Nxc6 bxc6 11.Bd3 d5 
12.e5 Ne8 13.Bxh7+ Kxh7 14.Qh5+ Kg8 15.Rf3 f5 
16.Rh3 d4 17.Qh7+ Kf7 18.Ne2 c5 19.Qh5+ g6 20.Qh7+ 
Ng7 21.Rg3 Rg8 22.Rxg6 Qf8 23.Rh6 Ke8 24.Rf6 Bxf6 
25.exf6 Bc6 0-1

[Event "HCL-B3632"]
[Site "www.playchess.de"]
[Date "2006.01.15"]
[Round "10"]
[White "zemljanin"]
[Black "bossjos"]
[WhiteElo "1609"]
[BlackElo "1338"]
[PlyCount "137"]
[Result "1-0"]

1.d4 {hi}  f5 2.c4 d6 3.d5 Nf6 4.Nc3 g6 5.Bg5 Bg7 
6.Qc2 O-O 7.O-O-O e5 8.dxe6 Bxe6 9.Nd5 Nc6 10.Nf3 
Bxd5 11.cxd5 Nb4 12.Qb3 a5 13.Nd4 Qd7 14.Ne6 Rfe8 
15.Nxg7 Kxg7 16.Bxf6+ Kxf6 17.a3 Na6 18.Qc3+ Kf7 
19.e3 Nc5 20.Rd4 Ne4 21.Qc2 Rec8 22.f3 Nf6 23.Qb3 
c5 24.dxc6+ Qe6 25.Bc4 d5 26.Bxd5 Nxd5 27.Rxd5 
Rxc6+ 28.Kb1 Rc7 29.Rhd1 Ke7 30.Qd3 Ra6 31.a4 h6 
32.f4 Kf6 33.Qa3 Qe4+ 34.Ka1 Qe7 35.R5d6+ Rxd6 
36.Rxd6+ Kf7 37.Qb3+ Kg7 38.Re6 Qc5 39.Re8 Rf7 
40.Re5 Qc7 41.Qc3 Qxc3 42.bxc3 b6 43.Kb2 Rf6 
44.Kc2 Kf7 45.c4 Rc6 46.Kc3 Kf6 47.Kd4 Rd6+ 48.Rd5 
Ke6 49.h3 h5 50.e4 fxe4 51.Kxe4 Rc6 52.Re5+ Kf6 
53.Kd4 Rd6+ 54.Rd5 Re6 {(offering draw)}  55.c5 
bxc5+ 56.Kxc5 Re4 57.Kb5 Rxf4 58.Kxa5 Rf2 59.g4 
hxg4 60.hxg4 Rf4 61.g5+ Ke6 62.Rb5 Rd4 63.Rb6+ Kf5 
64.Rb5+ Ke6 65.Rc5 Kd6 66.Rb5 Kc6 67.Rb6+ Kc7 
68.Rxg6 Rd5+ 69.Kb4 1-0

[Event "HCL-A2561"]
[Site "www.playchess.de"]
[Date "2006.01.15"]
[Round "6"]
[White "Loulou"]
[Black "Sonea"]
[WhiteElo "1480"]
[BlackElo "1415"]
[PlyCount "52"]
[Result "1/2-1/2"]

1.e4 d6 {Hello from Imardin, Kyralia}  2.d4 {good 
luck from switzerland}  Nf6 3.Nc3 Nbd7 4.Bc4 e5 
5.Bg5 Be7 6.Nf3 c6 7.dxe5 dxe5 8.O-O Qc7 9.Qe2 O-O 
10.a3 b5 11.Ba2 a5 12.Rfd1 Ba6 13.Qe1 Rad8 14.Bxf6 
Bxf6 15.b4 axb4 16.axb4 Bb7 17.Bb3 Rda8 18.Rxa8 
Rxa8 19.Qd2 Rd8 20.Qe3 Nf8 21.Ng5 Rxd1+ 22.Nxd1 
Bxg5 23.Qxg5 Qd7 24.Nc3 Ng6 25.h4 Qe7 26.Qxe7 Nxe7 
{(offering draw)}  1/2-1/2

[Event "HCL-B3832"]
[Site "www.playchess.de"]
[Date "2006.01.15"]
[Round "5"]
[White "Skipper_Robert"]
[Black "Akkarin"]
[WhiteElo "980"]
[BlackElo "1333"]
[PlyCount "84"]
[Result "0-1"]

1.d4 d6 {Hello from Imardin, Kyralia}  2.Nc3 
{hello from Berlin}  Nf6 3.e3 Nbd7 4.Nf3 e5 5.e4 
c6 6.Be3 Be7 7.Bc4 O-O 8.Qd2 Qc7 9.O-O-O b5 10.Bd3 
a5 11.a4 b4 12.Ne2 Ba6 13.Bxa6 Rxa6 14.Qd3 Raa8 
15.h3 c5 16.d5 c4 17.Qd2 Nxe4 18.Qe1 Nec5 19.b3 
cxb3 20.cxb3 Nd3+ 21.Kd2 {oh oh}  Nxe1 {Sorry.}  
22.Rhxe1 Rfc8 23.Rdc1 Qb7 24.Red1 Qxd5+ 25.Ke1 
Rxc1 26.Nxc1 Qc6 27.h4 Nf6 28.Nd3 e4 29.Nde5 dxe5 
30.Nxe5 Qc3+ 31.Ke2 Qxe5 32.f4 Qb2+ 33.Bd2 Qxb3 
34.Be3 Rd8 35.Rc1 Qd3+ 36.Kf2 Ng4+ 37.Kg3 Qxe3+ 
38.Kxg4 Qxc1 39.h5 Qd1+ 40.Kf5 Qxh5+ 41.Kxe4 Qd5+ 
42.Ke3 Bc5+ 0-1

[Event "HCL-A2527"]
[Site "www.playchess.de"]
[Date "2006.01.15"]
[Round "36"]
[White "GCP"]
[Black "seisan"]
[WhiteElo "1491"]
[BlackElo "1491"]
[PlyCount "42"]
[Result "0-1"]

1.e4 {hi again, have a good game}  e5 {hello.good 
luck.}  2.Nf3 Nc6 3.d4 exd4 4.Bc4 Be7 5.O-O d6 
6.h3 Nf6 7.Re1 O-O 8.Nxd4 Ne5 9.Bb3 c5 10.Nf5 Bxf5 
11.exf5 Qc7 12.Nc3 c4 13.Ba4 a6 14.Bg5 b5 15.Bxf6 
Bxf6 16.Bxb5 axb5 17.Nxb5 Qc5 18.a4 d5 19.c3 Nd3 
20.Re2 Rae8 21.Rc2 Re1+ 0-1

[Event "HCL-A2540"]
[Site "www.playchess.de"]
[Date "2006.01.15"]
[Round "10"]
[White "mrchess"]
[Black "flavio"]
[WhiteElo "1433"]
[BlackElo "1415"]
[PlyCount "33"]
[Result "1-0"]

1.d4 {good game}  e6 {hello again}  2.e3 d5 3.Bd3 
c5 4.c3 Nc6 5.Nd2 cxd4 6.exd4 Nf6 7.f4 Bd6 8.Ndf3 
Qc7 9.Ne5 O-O 10.Ngf3 Bd7 11.O-O Ne8 12.Qc2 Rd8 
13.Bxh7+ Kh8 14.Bd3 Ne7 15.Qf2 Ng6 16.Bxg6 Bxe5 
17.Qh4+ 1-0

[Event "HCL-M854"]
[Site "www.playchess.de"]
[Date "2006.01.15"]
[Round "5"]
[White "AronVug"]
[Black "Catperson"]
[WhiteElo "2005"]
[BlackElo "2069"]
[PlyCount "84"]
[Result "1/2-1/2"]

1.e4 c5 {Hello and good luck to you}  2.Nf3 
{Hello! Nice to meet you. Good game.}  e6 3.d4 
cxd4 4.Nxd4 a6 5.Bd3 Bc5 6.Nb3 Ba7 7.Nc3 Nc6 8.Qe2 
d6 9.Be3 Nf6 10.Bxa7 Rxa7 11.Rd1 b5 12.O-O b4 
13.Na4 e5 14.f3 Qc7 15.Qf2 Be6 16.Nb6 O-O 17.Bc4 
a5 18.Nd5 Bxd5 19.Bxd5 Ne7 20.Bc4 Raa8 21.Nd2 d5 
22.exd5 Nexd5 23.Rfe1 Nf4 24.Qe3 Rfe8 25.g3 N4d5 
26.Qe2 Rac8 27.Kh1 Nb6 28.Bb5 Re6 29.Bd3 g6 30.Kg2 
Nfd5 31.Ba6 Rd8 32.Ne4 Na4 33.Rxd5 Rxd5 34.Bc4 Rc6 
35.c3 Rd8 36.Bb5 Nb6 37.Bxc6 Qxc6 38.cxb4 axb4 
39.Rd1 Nd5 40.Nf2 Qc5 41.Ng4 f5 42.Nf6+ Kf7 
{(offering draw)}  1/2-1/2

[Event "HCL-B3785"]
[Site "www.playchess.de"]
[Date "2006.01.15"]
[Round "28"]
[White "GMO"]
[Black "RUDI"]
[WhiteElo "1304"]
[BlackElo "1239"]
[PlyCount "65"]
[Result "1-0"]

1.e4 e5 2.Nf3 Nc6 3.Bb5 Bd6 4.Bxc6 dxc6 5.O-O Nf6 
6.d3 O-O 7.h3 b6 8.Nc3 Ne8 9.Bd2 f5 10.exf5 Bxf5 
11.Bg5 Qd7 12.Ne4 c5 13.Qe2 Kh8 14.Qe3 c4 15.Nh2 
Bc5 16.Nxc5 bxc5 17.Qxc5 Nd6 18.dxc4 Ne4 19.Qe3 
Nxg5 20.Qxg5 Rf6 21.Kh1 Qc6 22.Ng4 Bxg4 23.Qxg4 
Rg6 24.Qf3 Qe8 25.Rad1 c6 26.Rfe1 Qe6 27.b3 Rf6 
28.Qg3 Re8 29.f3 Qf5 30.Rd2 e4 31.fxe4 Rxe4 
32.Rxe4 Qxe4 33.Rd8+ 1-0

[Event "HCL-E1519"]
[Site "www.playchess.de"]
[Date "2006.01.15"]
[Round "31"]
[White "Emerson"]
[Black "Andy1"]
[WhiteElo "1726"]
[BlackElo "1399"]
[PlyCount "67"]
[Result "1-0"]

1.d4 {willkommen und auf ein gutes match}  Nf6 
2.e3 d5 {hallo aus Deutschland}  3.Bd3 {Grüße aus 
Dortmund (GER)!}  g6 {Hallo aus Siegen (in 
Dortmund arbeitend)}  4.Nd2 {Das ist ja schön, 
dass Du in Dortmund arbeitest - aber die Fahrt 
über die A45 ist ja wohl doch etwas 
stressig...
Ich arbeite in Witten.}  Bg7 {aber zu der Zeit zu 
der ich fahre, geht es eigentlich}  5.Ne2 {das ist 
gut. es gibt so stoßzeiten...}  O-O 6.O-O Bg4 7.f3 
Bd7 8.c3 a6 9.Qe1 Nc6 10.f4 e6 11.h3 Ne7 12.g4 Rc8 
13.Ng3 c5 14.Nf3 cxd4 15.exd4 Qb6 16.Ne5 Bb5 
17.Qe2 Bxd3 18.Qxd3 Nc6 19.g5 Nxe5 20.fxe5 Nd7 
21.Kg2 Nb8 22.h4 Nc6 23.Rh1 Ne7 24.h5 Nf5 25.Nf1 
Rfe8 26.hxg6 fxg6 27.Nh2 Re7 28.Ng4 Qc7 29.Qh3 Bf8 
30.Bd2 Rg7 31.Nf6+ Kh8 32.Rh2 Qf7 33.Rah1 Rc7 
34.Qg4 1-0

[Event "HCL-B3714"]
[Site "www.playchess.de"]
[Date "2006.01.15"]
[Round "2"]
[White "Jule"]
[Black "adamant"]
[WhiteElo "1406"]
[BlackElo "1251"]
[PlyCount "109"]
[Result "1-0"]

1.Nf3 {Hi again. Good luck}  d5 2.d4 Nc6 {u2}  
3.Bf4 Nf6 4.h3 Bf5 5.Nbd2 e6 6.e3 Ne4 7.Bd3 Bd6 
8.O-O O-O 9.Bxe4 dxe4 10.Ne1 Bxf4 11.exf4 Qh4 
12.c3 Ne7 13.Kh2 Kh8 14.g4 Bg6 15.Ng2 Qh6 16.Qe2 
f6 17.Nxe4 Nd5 18.Qf3 f5 19.g5 Qh5 20.Qxh5 Bxh5 
21.Ng3 Bf3 22.Ne3 Nxf4 23.h4 Rfg8 24.Nh1 g6 25.Kg3 
Bxh1 26.Rfxh1 Nh5+ 27.Kg2 Rae8 28.Kf3 e5 29.dxe5 
Rxe5 30.Nc4 Rd5 31.Rad1 Rgd8 32.Rxd5 Rxd5 33.Re1 
Rd8 34.Re2 b6 35.Re7 Rc8 36.Ne5 Kg8 37.b4 a5 38.a3 
Ng7 39.Nc4 c5 40.Nxb6 Rd8 41.Rd7 {I wish merry 
Christmas}  Rxd7 42.Nxd7 cxb4 43.axb4 axb4 44.cxb4 
Ne6 45.Ke3 Kf7 46.b5 {I wish a happy new year}  
Ke7 47.Ne5 Kd6 48.b6 Nc5 49.f4 Nb7 50.Kd4 Nc5 
51.Kc4 Nb7 52.Kb5 Kd5 53.Nd3 Kd6 54.Ka6 Kc6 
55.Nb4+ 1-0

[Event "HCL-B3841"]
[Site "www.playchess.de"]
[Date "2006.01.15"]
[Round "8"]
[White "PhilipKaveny"]
[Black "Phileas"]
[WhiteElo "1353"]
[BlackElo "1444"]
[PlyCount "28"]
[Result "0-1"]

1.e4 e5 {Hi again! :) And good luck! :)}  2.f4 
{Bon Jour}  f6 3.fxe5 Nc6 {et oui, bonjour, comme 
vous dites.}  4.d4 {Dites ?}  Qe7 {dire: to say. 
Vous dites = you are saying (or you say) in the 
polite form (tu dis is the "impolite form", i.e. 
what you use when you know the person you are 
talking to well, or if they are young).}  5.Nf3 
{Ah Yes French is a wonderfull langeuage}  d6 
{yes, it's a beautiful language, but a tough one 
to learn, unlike English, which is easy to use at 
a decent level, even if difficult to completely 
master.}  6.Bc4 {You use English very well. By the 
way I did not vote for George Bush}  dxe5 {Txs, I 
am doing my best. I was going to say that "most of 
you guys did not vote for GW B" since he "cheated" 
the elections... I was in the States at that 
point. I lived for 6 years in Chicago... during my 
MS. and Ph.D.}  7.O-O Bg4 8.c3 {I have several 
Degrees from  The Unversity of Wisconsin Madison 
which is less than three hours travel from 
Chicago.If I may ask what is your area}  O-O-O 
{ok, i KNOW mADISON! My area is computational 
mechanics, a mixture of mathematics, physics, and 
computer science... I'll be a lecturer in Glasgow 
next year...}  9.d5 {Wow thats a long way from 
critical theory}  Qc5+ {Yes, a long way! Although 
I must use of critical thinking very often! What 
is critical theory, exacty, or at least more 
precisely? I would be interested to learn.}  
10.Kh1 Qxc4 11.b3 {I sent you a longer message}  
Qxe4 12.dxc6 Rxd1 {Yes, I got the message, thanks, 
I am more interested now. I am looking forward to 
learning more, especially on the academic side, 
and everything. You are a philosopher then, aren't 
you? I was this morning reading Nietzsche: it's 
very difficult to understa}  13.cxb7+ {Nietzsche 
is both essential and difficult. I recently did a 
paper on Sartre's concept of bad faith}  Kxb7 
{Yes, He was quite pessimistic, as I understand 
it. I would be interested in reading some of the 
papers you wrote. Could I?}  14.Rxd1 {Sure,yet in 
a way he was not  pessimistic, since he would 
argue first we always have choice at least in how 
we think. and second we are defined by our acts, 
and defined by what we are not.}  Bxf3 {Thanks. IS 
saying that we are defined by what we are not not 
logically equivalent to saying that we are defined 
by what we are, since what we are not and what we 
are form a partition of what we could/can be? 
This, because either we are or we are not...???} 
 0-1

[Event "HCL-M851"]
[Site "www.playchess.de"]
[Date "2006.01.15"]
[Round "5"]
[White "Nonni"]
[Black "tornado"]
[WhiteElo "2131"]
[BlackElo "1796"]
[PlyCount "79"]
[Result "1-0"]

1.e4 {+Greetings from Reykjavik, Iceland}  c5 
{Hello, Nonni. Good luck.}  2.Nf3 Nc6 3.d4 cxd4 
4.Nxd4 Nf6 5.Nc3 d6 6.Bg5 e6 7.Qd2 a6 8.O-O-O Bd7 
9.f3 Be7 10.h4 Rc8 11.Kb1 O-O 12.g4 b5 13.Be3 Nxd4 
14.Qxd4 Bc6 15.g5 Nd7 16.h5 Bxg5 17.Bxg5 Qxg5 
18.h6 Qe5 19.hxg7 Rfd8 20.Qd2 Qf6 21.Qh2 h6 
22.Rxd6 Ne5 23.Rxd8+ Rxd8 24.a3 Nxf3 25.Qc7 Nd2+ 
26.Ka1 Bxe4 27.Nxe4 Nxe4 28.Bd3 Ng5 29.Rf1 Qd4 
30.Rd1 Rd7 31.Qc8+ Kxg7 32.Be2 Qxd1+ 33.Bxd1 Rxd1+ 
34.Ka2 Rd6 35.c4 bxc4 36.Qc5 Rd5 37.Qxc4 h5 
38.Qxa6 h4 39.Qe2 h3 40.a4 1-0

[Event "HCL-A2524"]
[Site "www.playchess.de"]
[Date "2006.01.15"]
[Round "8"]
[White "antoniocastro"]
[Black "kaajmmk"]
[WhiteElo "1800"]
[BlackElo "1256"]
[PlyCount "33"]
[Result "1-0"]

1.e4 c6 2.d4 Qa5+ 3.Qd2 b6 4.Qxa5 bxa5 5.c4 e6 
6.Nf3 Bb4+ 7.Bd2 Ba6 8.Nc3 d5 9.cxd5 exd5 10.e5 
Bc4 11.Bxc4 dxc4 12.O-O Na6 13.Rfe1 O-O-O 14.a3 
Be7 15.Ne4 f5 16.Neg5 Rf8 17.Bxa5 1-0

[Event "HCL-C4068"]
[Site "www.playchess.de"]
[Date "2006.01.15"]
[Round "2"]
[White "Henri"]
[Black "jackone"]
[WhiteElo "835"]
[BlackElo "800"]
[PlyCount "66"]
[Result "0-1"]

1.e4 {Bonjour et Bonne Partie}  e5 2.Nf3 Nc6 3.Nc3 
Nf6 4.Bc4 Bc5 5.O-O O-O 6.d3 Nd4 7.Be3 d6 8.Nd5 
Be6 9.Nxf6+ Qxf6 10.Bxe6 Qxe6 11.Nxd4 exd4 12.Bd2 
Rae8 13.c3 dxc3 14.bxc3 d5 15.exd5 Qxd5 16.d4 Bd6 
17.a4 a5 18.Be3 Re6 19.g3 Qc4 20.Bd2 Re2 21.Re1 
Rfe8 22.Rf1 Qd3 23.Ra2 c5 24.dxc5 Bxc5 25.Be3 Qxd1 
26.Rxd1 Rxa2 27.Bxc5 Rxa4 28.f4 Rc4 29.Bb6 a4 
30.Rc1 a3 31.Bd4 a2 32.Ra1 Re2 33.Kf1 
Rb2 0-1

[Event "HCL-T255"]
[Site "www.playchess.de"]
[Date "2006.01.15"]
[Round "9"]
[White "leobor"]
[Black "stevetilbury"]
[WhiteElo "2077"]
[BlackElo "1545"]
[PlyCount "73"]
[Result "1-0"]

1.e4 e5 2.Nf3 Nc6 3.Bb5 a6 4.Ba4 Nf6 5.O-O Nxe4 
6.d4 b5 7.Bb3 d5 8.dxe5 Be6 9.Nbd2 Nc5 10.c3 Be7 
11.Bc2 d4 12.cxd4 Nxd4 13.Nxd4 Qxd4 14.Nf3 Qxd1 
15.Rxd1 O-O 16.Ng5 h6 17.Bh7+ Kh8 18.Nxe6 Nxe6 
19.Be4 Rad8 20.Be3 Bg5 21.Bxg5 hxg5 22.Kf1 Kg8 
23.Rac1 g6 24.Bc6 Rxd1+ 25.Rxd1 Rd8 26.Rxd8+ Nxd8 
27.Be4 Kf8 28.Ke2 Ke7 29.Kd3 c5 30.Bd5 Ne6 31.Ke4 
Nf4 32.g3 Nh3 33.Ke3 f6 34.exf6+ Kxf6 35.Bf3 Kf5 
36.Bb7 a5 37.Bc8+ 1-0

[Event "HCL-B3776"]
[Site "www.playchess.de"]
[Date "2006.01.15"]
[Round "7"]
[White "newplayer"]
[Black "Wurstowski"]
[WhiteElo "1113"]
[BlackElo "721"]
[PlyCount "80"]
[Result "0-1"]

1.e4 c5 2.e5 Nc6 3.f4 e6 4.Bb5 Nd4 5.Bd3 b5 6.c3 
c4 7.Be4 Nc6 8.Bxc6 dxc6 9.Nf3 Bc5 10.b4 cxb3 
11.Qxb3 Qd3 12.h4 Qe4+ 13.Kd1 Ne7 14.d4 Bb6 15.Re1 
Qd3+ 16.Nfd2 Nd5 17.Ba3 Ne3+ 18.Kc1 Nxg2 19.Re4 
Nxh4 20.Bb4 Bb7 21.Bc5 Nf3 22.Bxb6 axb6 23.a4 c5 
24.Qxb5+ Qxb5 25.axb5 Rxa1 26.Re2 O-O 27.Nb3 Ra4 
28.Nxc5 bxc5 29.dxc5 Ra1 30.c6 Bxc6 31.bxc6 Rc8 
32.Kb2 Ra4 33.Nd2 Nxd2 34.Rxd2 Rb8+ 35.Kc2 Ra2+ 
36.Kd3 Rd8+ 37.Ke3 Raxd2 38.c7 Rc8 39.Kxd2 Rxc7 
40.Kd3 h5 0-1

[Event "HCL-E1460"]
[Site "www.playchess.de"]
[Date "2006.01.15"]
[Round "8"]
[White "michbarc"]
[Black "One_i"]
[WhiteElo "1745"]
[BlackElo "1716"]
[PlyCount "76"]
[Result "1/2-1/2"]

1.d4 Nf6 2.c4 e6 3.Nf3 b6 4.g3 Be7 5.Nc3 Bb7 6.Bg2 
O-O 7.O-O d5 8.Ne5 Nbd7 9.Bg5 Ne4 10.Bxe7 Qxe7 
11.Nxd7 Qxd7 12.Nxe4 dxe4 13.e3 e5 14.dxe5 Qf5 
15.Qc2 Qxe5 16.Rad1 Rfd8 17.Rd2 Rd3 18.Rfd1 Rxd2 
19.Qxd2 f5 20.Qd4 Qe7 21.Qd7 Qxd7 22.Rxd7 Rc8 
23.Kf1 Bc6 24.Rd4 Kf7 25.Ke2 h5 26.b4 Re8 27.f3 
exf3+ 28.Bxf3 Bxf3+ 29.Kxf3 g5 30.Rd7+ Re7 
31.Rxe7+ Kxe7 32.h4 Kf6 33.e4 gxh4 34.gxh4 Ke5 
35.exf5 Kxf5 36.b5 Ke5 37.Ke3 Kf5 38.Kf3 Ke5 
{(offering draw)}  1/2-1/2

[Event "HCL-B3793"]
[Site "www.playchess.de"]
[Date "2006.01.15"]
[Round "11"]
[White "djpnola"]
[Black "nichju"]
[WhiteElo "1173"]
[BlackElo "981"]
[PlyCount "120"]
[Result "1/2-1/2"]

1.f4 {Hello}  d5 2.d4 Nf6 3.h3 Nc6 4.Be3 b6 5.Nc3 
Ba6 6.g4 e6 7.Bg2 Bb4 8.Bd2 Nxd4 9.e3 Nc6 10.Nf3 
O-O 11.Bf1 Bxf1 12.Rxf1 d4 13.Nxd4 Nxd4 14.exd4 
Qxd4 15.Qe2 Rfe8 16.O-O-O a5 17.Nb5 Qc5 18.a3 
Bxd2+ 19.Rxd2 Rad8 20.Rxd8 Rxd8 21.Nc3 h5 22.f5 
hxg4 23.hxg4 exf5 24.Rxf5 Qg1+ 25.Rf1 Qd4 26.g5 
Nd5 27.Rd1 Qf4+ 28.Rd2 Qxg5 29.Nxd5 Rxd5 30.Qe8+ 
Kh7 31.Qe4+ Rf5 32.Qh1+ Kg6 33.Qc6+ Rf6 34.Qe4+ 
Qf5 35.Rg2+ Kh7 36.Rh2+ Kg6 37.Rg2+ Kh7 38.Rh2+ 
Kg6 39.Qg2+ Qg5+ 40.Qxg5+ Kxg5 41.Rg2+ Kf5 42.Rxg7 
Ke6 43.Rg1 Rf2 44.Re1+ Kf6 45.b4 axb4 46.axb4 Kg6 
47.Rg1+ Kf6 48.Kb2 Rf4 49.Kb3 c5 50.bxc5 bxc5 
51.Kc3 c4 52.Rd1 Ke6 53.Rd4 Rxd4 54.Kxd4 f6 
55.Kxc4 Ke5 56.Kd3 f5 57.c4 f4 58.c5 f3 59.c6 f2 
60.Ke2 Kd6 {(offering draw)}  1/2-1/2

[Event "HCL-A2546"]
[Site "www.playchess.de"]
[Date "2006.01.15"]
[Round "13"]
[White "MimiSiku"]
[Black "hreed"]
[WhiteElo "1507"]
[BlackElo "1477"]
[PlyCount "29"]
[Result "1-0"]

1.e4 {Hello from Würzburg, Germany. Have a nice 
game!}  e5 {Würzburg is a beautiful town!}  2.Nf3 
{You know Würzburg? From Army?}  Nc6 {I have not 
been to Wurzburg, but I looked it up on the 
internet and it is beautiful :-)}  3.d4 {And in 
real it is much more beautiful! Where do you come 
from?}  exd4 {I come from Boston, it is similar to 
European cities. Very liveable but cold... a lot 
of good chess :-)}  4.Nxd4 {Nice to hear that!}  
Nf6 5.Nxc6 bxc6 6.f3 Bc5 7.Qd3 O-O 8.Be3 Bb6 9.Be2 
Re8 10.O-O Qe7 11.Kh1 d5 12.Bxb6 cxb6 13.Nd2 dxe4 
14.fxe4 Bf5 15.Rxf5 1-0

[Event "HCL-A2489"]
[Site "www.playchess.de"]
[Date "2006.01.15"]
[Round "10"]
[White "cocohubert"]
[Black "Snillie"]
[WhiteElo "1340"]
[BlackElo "1513"]
[PlyCount "90"]
[Result "1/2-1/2"]

1.e4 d6 2.d4 Nf6 3.Nc3 g6 4.h3 Bg7 5.Nf3 O-O 6.Bd3 
c5 7.d5 Nbd7 8.O-O a6 9.Ne2 b5 10.c3 Qc7 11.Bc2 
Bb7 12.Ng3 e6 13.dxe6 fxe6 14.Re1 Rad8 15.Be3 Nb6 
16.Qd2 Nc4 17.Qc1 d5 18.b3 Nxe3 19.Qxe3 e5 20.exd5 
Nxd5 21.Qd3 Nf4 22.Qf1 Nxh3+ 23.gxh3 Bxf3 24.Be4 
Qf7 25.Bxf3 Qxf3 26.Re3 Qc6 27.Qg2 Qxg2+ 28.Kxg2 
Rd2 29.Ne4 Rc2 30.Rf3 Rd8 31.Rb1 Rxa2 32.Nxc5 Rdd2 
33.Ne6 e4 34.Re3 Rdxf2+ 35.Kh1 Rfh2+ 36.Kg1 Rag2+ 
37.Kf1 Rh1+ 38.Kxg2 Rxb1 39.Nxg7 Kxg7 40.b4 
{(offering draw)}  Rc1 41.Kg3 {(offering draw) its 
draw}  g5 42.Kg4 Kg6 43.Rxe4 Rxc3 44.Re6+ Kf7 
45.Rxa6 Rc4+ {(offering draw)} 
 1/2-1/2

[Event "HCL-B3797"]
[Site "www.playchess.de"]
[Date "2006.01.15"]
[Round "8"]
[White "spartan1"]
[Black "Felipe_Lungov"]
[WhiteElo "908"]
[BlackElo "1261"]
[PlyCount "34"]
[Result "0-1"]

1.d4 Nf6 2.Nc3 e6 3.Bg5 h6 4.Bxf6 Qxf6 5.e4 Bb4 
6.Qd2 d5 7.e5 Qe7 8.a3 Ba5 9.O-O-O O-O 10.f4 c5 
11.Qf2 cxd4 12.Qxd4 Nc6 13.Qf2 Bxc3 14.Kb1 Ba5 
15.c3 Bb6 16.Qc2 Bxg1 17.Rxg1 Qc5 0-1

[Event "HCL-B3734"]
[Site "www.playchess.de"]
[Date "2006.01.15"]
[Round "30"]
[White "adamant"]
[Black "ulibear"]
[WhiteElo "1251"]
[BlackElo "1296"]
[PlyCount "79"]
[Result "1-0"]

1.d4 e6 {hello again and good luck!}  2.e3 
{greetings U2}  c5 {thxs ... how did you fare on 
chess lately?}  3.c3 {not to good lately. I had a 
death in the family. My childrens mother passed 
away 2 1/2 months ago.}  cxd4 {my condolences ...} 
 4.cxd4 {Thank you.}  Bb4+ 5.Nc3 d5 6.Bd2 Nf6 
7.Nf3 Nc6 8.Rc1 O-O 9.Bd3 g6 10.O-O Kg7 11.a3 Bxc3 
12.Bxc3 Nd7 13.Bb1 f6 14.Nh4 Ne7 15.f4 f5 16.g4 
fxg4 17.Qxg4 Nf6 18.Qg2 Nf5 19.Nxf5+ exf5 20.Kh1 
Ne4 21.Bb4 Rf7 22.Bxe4 fxe4 23.h3 Rc7 24.Rc2 Rc4 
25.Rfc1 b5 26.b3 Rxc2 27.Qxc2 Bxh3 28.Qh2 Bf5 
29.Rc5 a5 30.Be1 b4 31.Qa2 g5 32.axb4 axb4 33.Qg2 
Ra1 34.Qf2 g4 35.Kg2 Qa8 36.Rc2 Qb7 37.Qh4 h6 
38.Kf2 Rb1 39.Qh5 Rxb3 40.Qxf5 1-0

[Event "HCL-C3916"]
[Site "www.playchess.de"]
[Date "2006.01.15"]
[Round "16"]
[White "Milosforman"]
[Black "spartan1"]
[WhiteElo "989"]
[BlackElo "708"]
[PlyCount "95"]
[Result "1-0"]

1.d4 d5 2.Nf3 g6 3.e3 Bg4 4.Be2 Bxf3 5.Bxf3 e6 
6.a3 a5 7.Qd3 Bd6 8.Nc3 c6 9.e4 Be7 10.e5 Na6 
11.Bd2 Bg5 12.Bxg5 Qxg5 13.O-O Ne7 14.h3 Nf5 
15.Bg4 Nh4 16.f4 Qe7 17.g3 f5 18.Be2 O-O-O 19.gxh4 
Qxh4 20.Na2 b5 21.a4 Nb4 22.Qc3 Kc7 23.Bxb5 Qe7 
24.Nxb4 axb4 25.Qxc6+ Kb8 26.Qa6 Qa7 27.Qxa7+ Kxa7 
28.c3 b3 29.a5 Rdb8 30.Bd7 h5 31.Bxe6 Rb5 32.a6 h4 
33.Bf7 Rh6 34.Rf2 Rb6 35.Bxd5 Rh8 36.c4 Rb4 37.e6 
Rb6 38.c5 Rb4 39.Rd2 Rd8 40.e7 Re8 41.Re1 Kxa6 
42.Re6+ Ka5 43.Bc6 Rbb8 44.Bxe8 Rxe8 45.c6 Kb6 
46.d5 Kc7 47.Rd3 Kc8 {All your pawns and superior 
position is just to over welming. I will have to 
resign.}  48.d6 {yes i think so... the only your 
hope would be stalemate... but i can avoid it 
easely...}  1-0

[Event "HCL-B3821"]
[Site "www.playchess.de"]
[Date "2006.01.15"]
[Round "11"]
[White "tusnelda"]
[Black "maus"]
[WhiteElo "1182"]
[BlackElo "1327"]
[PlyCount "65"]
[Result "1-0"]

1.e4 e5 2.Nf3 d6 3.Bc4 h6 4.d3 Nc6 5.O-O Nf6 6.Bd2 
Bg4 7.Bc3 d5 8.exd5 Nxd5 9.Re1 Nxc3 10.Nxc3 Be7 
11.Ne4 Nd4 12.Ng3 Qd6 13.c3 Nc6 14.Ne4 Qg6 15.Ng3 
Bh4 16.Nxh4 Qg5 17.f3 Bh5 18.Nxh5 Qxh5 19.g3 O-O 
20.Bd5 Rad8 21.Be4 f5 22.Bxc6 bxc6 23.Rxe5 Rd5 
24.Qb3 Kh7 25.Rxd5 cxd5 26.Qxd5 g5 27.Nxf5 Qg6 
28.g4 h5 29.Re1 Rf7 30.Re7 Rxe7 31.Nxe7 Qb6+ 32.d4 
hxg4 33.Qg8+ 1-0